Psicología de la adolescencia /
Guardado en:
| Autor Principal: | |
|---|---|
| Formato: | Libro |
| Publicado: |
España :
Aguilar,
1968
|
| Materias: | |
| Etiquetas: |
Agregar Etiqueta
Sin Etiquetas, Sea el primero en etiquetar este registro!
|
| LEADER | 00716nam a22001935a 4500 | ||
|---|---|---|---|
| 001 | CEM.cems003471 | ||
| 005 | 19000101000000.0 | ||
| 008 | 130507s1968##################000#0#####d | ||
| 003 | CEMS | ||
| 082 | 0 | 4 | |a 136.73 |
| 100 | 1 | |a Jersild, Arthur T. | |
| 245 | 1 | 0 | |a Psicología de la adolescencia / |c Arthur T. Jersild |
| 260 | |a España : |b Aguilar, |c 1968 | ||
| 300 | |a 415 p. | ||
| 505 | 0 | |a Estudio de las teorias de la adolescencia; Antropologia cultural y adolescencia; Psicologia social y adolescencia. Bibliografia: pp. 217-225. | |
| 653 | |a Adolescencia-desarrollo emocio | ||
| 653 | |a Adolescencia-desarrollo fisico | ||
| 653 | |a Psicologia de la adolescencia | ||
| 859 | |a CEMS |b BIB. CEMS - 11 de abril |h 136.73 |i J492 |p 3517.75 |t Ej.1 | ||
